Statistics for Guess the Film Star

Click here to take the quiz!

General Stats

  • This quiz has been taken 36 times
    (11 since last reset)
  • The average score is 10 of 16

Answer Stats

Hint Answer % Correct
Lara Croft in "Lara Croft: Tomb Raider" (Born Los Angeles USA 1975)Angelina Jolie
100%
Jack Dawson in "Titanic" (Born Hollywood, 1974)Leonardo DiCaprio
91%
Film Star Anna Scott in "Notting Hill" (Born Georgia USA 1967)Julia Roberts
82%
Molly Jensen in "Ghost" (Born New Mexico 1962)Demi Moore
82%
Hit Man, Jules Winnfield in "Pulp Fiction" (Born Washington DC 1948)Samuel L. Jackson
82%
Marine Lawyer Lt. Daniel Kaffee in "A Few Good Men" (Born USA 1962)Tom Cruise
82%
Korean War Vet. Walt Kowalski in "Gran Torino" (Born Cal. 1930)Clint Eastwood
82%
Tom Ripley in "The Talented Mr. Ripley" (Born Boston USA 1970)Matt Damon
73%
Annie Reed in "Sleepless in Seattle" (Born Connecticut 1961)Meg Ryan
73%
Impisonned man Andy Dufresne in "Shawshank Redemption" (Born Cal. 1958)Tim Robbins
64%
Dr. Wilbur Larch in "The Cider House Rules" (Born UK 1933)Michael Caine
55%
Criminal 'Porter' in "Payback" (Born Peekskill NY 1956)Mel Gibson
36%
Gunman J.B. Books in "The Shootist" (Born Iowa 1907)John Wayne
27%
Billionaire Charles Morse in "The Edge" ( Born UK 1937)Anthony Hopkins
18%
Barman Bob Saginowski in "The Drop" (Born UK 1977)Tom Hardy
18%
Bounty Hunter Jack Walsh in "Midnight Run" (Born N.Y. 1943)Robert De Niro
18%

Score Distribution

Percentile by Number Answered

Percent of People with Each Score

Your Score History

You have not taken this quiz since the last reset